[Event "Plzen, FSB C"]
[Site "?"]
[Date "2003.??.??"]
[Round "5.2"]
[White "Mrnka, J."]
[Black "Vrana, P."]
[Result "1-0"]
[WhiteElo "1908"]
[BlackElo "1885"]
[PlyCount "65"]
[EventDate "2003.??.??"]
[Source "ChessBase"]
[SourceDate "1996.11.15"]

1. e4 d5 2. Nc3 d4 3. Nce2 Nc6 4. d3 Bg4 5. g3 h5 6. Bg2 h4 7. h3 Bd7 8. g4 e5
9. f4 Bd6 10. Nf3 exf4 11. Bxf4 Bxf4 12. Nxf4 g5 13. Ne2 Be6 14. Qd2 f6 15. c3
dxc3 16. Qxc3 Rh7 17. d4 Bf7 18. O-O Qd7 19. d5 Ne5 20. Nxe5 fxe5 21. Rf5 O-O-O
22. Rxe5 Qd6 23. Rxg5 Ne7 24. Rc1 Rf8 25. Kh1 Ng6 26. e5 Qb6 27. Qc5 Kb8 28.
Qxb6 axb6 29. Rf1 Rd8 30. e6 Be8 31. Be4 Rh6 32. Rf6 Bb5 33. Nc3 1-0

[Event "Plzen, FSB C"]
[Site "?"]
[Date "2003.??.??"]
[Round "5.3"]
[White "Soukup, A."]
[Black "Lexa, J."]
[Result "1/2-1/2"]
[WhiteElo "1943"]
[BlackElo "1842"]
[PlyCount "120"]
[EventDate "2003.??.??"]
[Source "ChessBase"]
[SourceDate "1996.11.15"]

1. e4 d5 2. Nc3 d4 3. Nce2 e5 4. Ng3 Nf6 5. Bc4 Nbd7 6. Nf3 Bd6 7. d3 O-O 8.
Bg5 h6 9. Bd2 c6 10. a3 b5 11. Ba2 Nc5 12. O-O a5 13. Re1 Re8 14. Nh4 Nfxe4 15.
Nxe4 Be6 16. Bxe6 Rxe6 17. Nxd6 Qxh4 18. Ne4 Na4 19. b3 Nb6 20. Ng3 Nd5 21. Qh5
Qe7 22. Rf1 a4 23. b4 Rf8 24. f4 exf4 25. Bxf4 Rf6 26. Bd2 Ne3 27. Rxf6 Qxf6
28. Ne4 Qe6 29. Bxe3 dxe3 30. Qe2 f5 31. Nc5 Qe5 32. Ra2 Re8 33. c4 Qc3 34.
cxb5 cxb5 35. h3 Qe5 36. Kh1 Rd8 37. Qb2 Qg3 38. Ra1 Re8 39. Qe2 Qf2 40. Re1
Kf7 41. d4 f4 42. Nd3 Qxe2 43. Rxe2 Re4 44. Ne5+ Ke6 45. Nf3 Kd5 46. Rc2 e2 47.
Ne1 Kxd4 48. Kg1 Re3 49. Rc1 Rxa3 50. Nc2+ Kc3 51. Nxa3+ Kb2 52. Rb1+ Kxa3 53.
Kf2 Ka2 54. Re1 a3 55. Kxe2 Kb2 56. Kd3 a2 57. h4 g5 58. hxg5 hxg5 59. Ke4 a1=Q
60. Rxa1 Kxa1 1/2-1/2

[Event "Plzen, FSB C"]
[Site "?"]
[Date "2003.??.??"]
[Round "5.4"]
[White "Pechat, J."]
[Black "Vrkota, M."]
[Result "1/2-1/2"]
[WhiteElo "1758"]
[BlackElo "1870"]
[PlyCount "76"]
[EventDate "2003.??.??"]
[Source "ChessBase"]
[SourceDate "1996.11.15"]

1. e4 c6 2. d4 d5 3. e5 Bf5 4. Bd3 Bxd3 5. Qxd3 e6 6. Be3 Nd7 7. c3 Qc7 8. f4
c5 9. Nf3 Ne7 10. O-O Nc6 11. f5 cxd4 12. fxe6 dxe3 13. exd7+ Qxd7 14. Qxe3 Be7
15. Nbd2 O-O 16. Rad1 Qc7 17. Nb3 Rad8 18. Rd2 g5 19. Re1 h6 20. h4 g4 21. Nfd4
Bxh4 22. Qxh6 Bxe1 23. Qg5+ Kh7 24. Qh5+ Kg8 25. Qxg4+ Kh8 26. Rd3 f5 27. Rh3+
Qh7 28. Nxf5 Rf7 29. Rxh7+ Rxh7 30. Qe2 Bh4 31. Nbd4 Bg5 32. Ne6 Rg8 33. b4 a6
34. a4 Ne7 35. Nxg5 Rxg5 36. Nxe7 Rxe7 37. e6 Kg7 38. Qe3 Kf6 1/2-1/2

[Event "Plzen, FSB C"]
[Site "?"]
[Date "2003.??.??"]
[Round "5.5"]
[White "Vlk, M."]
[Black "Baborovsky, J."]
[Result "1-0"]
[WhiteElo "1840"]
[BlackElo "1862"]
[PlyCount "59"]
[EventDate "2003.??.??"]
[Source "ChessBase"]
[SourceDate "1996.11.15"]

1. c4 Nf6 2. Nc3 e6 3. e4 Bb4 4. e5 Bxc3 5. bxc3 Ng8 6. Qg4 g6 7. d4 f5 8. Qg3
d6 9. Nf3 Nc6 10. Bg5 Qd7 11. Bd3 h6 12. Bd2 g5 13. O-O Qf7 14. exd6 f4 15. Qh3
e5 16. g4 h5 17. Nxe5 Nxe5 18. Rfe1 Bxg4 19. Rxe5+ Kd7 20. Qg2 f3 21. Qg3 cxd6
22. Rxg5 Ne7 23. Rb1 b6 24. c5 dxc5 25. dxc5 Rh6 26. Rxg4 Nf5 27. Bxf5+ Qxf5
28. Rg7+ Kc6 29. Qc7+ Kd5 30. Rg5 1-0

[Event "Plzen, FSB C"]
[Site "?"]
[Date "2003.??.??"]
[Round "5.7"]
[White "Lener, J."]
[Black "Pokomandy, M."]
[Result "1/2-1/2"]
[WhiteElo "1823"]
[BlackElo "1754"]
[PlyCount "109"]
[EventDate "2003.??.??"]
[Source "ChessBase"]
[SourceDate "1996.11.15"]

1. Nf3 Nf6 2. c4 e6 3. g3 g6 4. Bg2 Bg7 5. Nc3 O-O 6. d3 d5 7. O-O c5 8. a3 Nc6
9. Bg5 h6 10. Bxf6 Bxf6 11. Nd2 Ne7 12. Rb1 b6 13. Qb3 Bb7 14. Rfd1 dxc4 15.
dxc4 Qb8 16. Nde4 Bg7 17. Rd7 Nc6 18. Qa4 Na5 19. Nd6 Bxg2 20. Kxg2 Rd8 21. Rd1
Rxd7 22. Qxd7 Qf8 23. Qb5 Rd8 24. Nde4 Rxd1 25. Nxd1 Qa8 26. f3 Qc6 27. Qxc6
Nxc6 28. e3 f5 29. Nec3 Na5 30. Kf2 Nxc4 31. Na4 Kf8 32. Ke2 Ke7 33. Kd3 Ne5+
34. Ke2 Kd6 35. b3 b5 36. Nab2 Nc6 37. Kd3 a6 38. a4 Nb4+ 39. Kd2 g5 40. axb5
axb5 41. Nd3 Nxd3 42. Kxd3 Kc6 43. h3 h5 44. g4 hxg4 45. hxg4 Kd5 46. Nf2 c4+
47. bxc4+ bxc4+ 48. Kd2 Kc5 49. Nh3 Bf6 50. Nf2 Bd8 51. Kc2 Kb4 52. Kb2 Bb6 53.
Nd1 Bc5 54. Kc2 Bb6 55. Kb2 1/2-1/2

[Event "Plzen, FSB C"]
[Site "?"]
[Date "2003.??.??"]
[Round "5.9"]
[White "Kral, P."]
[Black "Bartonicek jr., Z."]
[Result "0-1"]
[WhiteElo "1773"]
[BlackElo "1750"]
[PlyCount "84"]
[EventDate "2003.??.??"]
[Source "ChessBase"]
[SourceDate "1996.11.15"]

1. e4 c5 2. c3 g6 3. d4 Qc7 4. Be3 b6 5. Na3 Bb7 6. f3 Bg7 7. Nb5 Qc8 8. c4
cxd4 9. Bxd4 Nf6 10. Be5 O-O 11. Rc1 Nc6 12. Bc3 d6 13. Qd2 Ne5 14. b3 a6 15.
Nd4 e6 16. Bb2 Qb8 17. Nge2 d5 18. exd5 exd5 19. c5 bxc5 20. Rxc5 Ned7 21. Rc2
Re8 22. Nc6 Bxc6 23. Rxc6 Qb5 24. Rc2 Rad8 25. Kd1 d4 26. Nxd4 Qh5 27. g4 Qh4
28. Qf2 Qg5 29. h4 Qd5 30. Bc4 Nxg4 31. Bxd5 Nxf2+ 32. Rxf2 Nb6 33. Be4 Bxd4
34. Bxd4 Rxd4+ 35. Rd2 Rxd2+ 36. Kxd2 f5 37. Bd3 Kf7 38. h5 Rd8 39. hxg6+ hxg6
40. Kc2 Kf6 41. Rd1 Nd5 42. a3 Ne3+ 0-1

[Event "Plzen, FSB C"]
[Site "?"]
[Date "2003.??.??"]
[Round "5.10"]
[White "Hruby, V."]
[Black "Steinhauser, F."]
[Result "0-1"]
[WhiteElo "1874"]
[BlackElo "1709"]
[PlyCount "54"]
[EventDate "2003.??.??"]
[Source "ChessBase"]
[SourceDate "1996.11.15"]

1. c4 Nf6 2. Nc3 g6 3. d4 Bg7 4. e4 d6 5. Nge2 O-O 6. Ng3 Nbd7 7. Be2 e5 8. d5
a5 9. O-O Nc5 10. h3 Bd7 11. Be3 b6 12. Qd2 c6 13. f3 cxd5 14. cxd5 Ne8 15. Bg5
f6 16. Bh6 f5 17. Bxg7 Kxg7 18. Bb5 f4 19. Nge2 h5 20. Bxd7 Qxd7 21. Rfc1 g5
22. Rc2 Nf6 23. Kf2 g4 24. hxg4 hxg4 25. Rh1 b5 26. Nb1 Nfxe4+ 27. fxe4 Nxe4+
0-1

[Event "Plzen, FSB C"]
[Site "?"]
[Date "2003.??.??"]
[Round "5.11"]
[White "Albrecht, J."]
[Black "Kral, P."]
[Result "0-1"]
[WhiteElo "1695"]
[BlackElo "1828"]
[PlyCount "70"]
[EventDate "2003.??.??"]
[Source "ChessBase"]
[SourceDate "1996.11.15"]

1. e4 e5 2. c4 Nf6 3. d3 g6 4. Nf3 d6 5. Be2 Bg7 6. Nc3 c6 7. Bg5 h6 8. Bd2 O-O
9. O-O a5 10. h3 Na6 11. a3 Be6 12. Rc1 Ne8 13. Nh2 f5 14. exf5 Bxf5 15. Be3
Nf6 16. Bg4 Nxg4 17. Nxg4 Kh7 18. Ne4 Qd7 19. Ng3 Be6 20. d4 Bxg4 21. hxg4 Rad8
22. dxe5 Bxe5 23. f4 Bxb2 24. Rb1 Bxa3 25. f5 Bc5 26. fxg6+ Kg8 27. Rb3 Qe6 28.
Rxf8+ Rxf8 29. Bd4 Qxc4 30. Rd3 Nb4 31. Rd2 Nd5 32. Nf5 Rxf5 33. gxf5 Nc3 34.
Qg4 Bxd4+ 35. Rxd4 Qxd4+ 0-1

[Event "Plzen, FSB C"]
[Site "?"]
[Date "2003.??.??"]
[Round "5.12"]
[White "Dvorak, M."]
[Black "Pasek, M."]
[Result "0-1"]
[WhiteElo "1802"]
[BlackElo "1669"]
[PlyCount "66"]
[EventDate "2003.??.??"]
[Source "ChessBase"]
[SourceDate "1996.11.15"]

1. e4 d6 2. d4 Nf6 3. Bd3 g6 4. Ne2 Bg7 5. O-O e5 6. d5 O-O 7. a4 Nbd7 8. b4 a5
9. b5 Nc5 10. c4 Nfxe4 11. Bc2 f5 12. Ra3 b6 13. f4 Qe7 14. Qe1 Bd7 15. Kh1
Rae8 16. Re3 exf4 17. Nxf4 Bd4 18. Rff3 Bxe3 19. Rxe3 Qf7 20. Bb2 Nf6 21. h3
Rxe3 22. Qxe3 Re8 23. Qc3 Nce4 24. Qf3 Re7 25. Bxe4 Nxe4 26. Kh2 Kf8 27. Qd3 g5
28. Ne2 g4 29. Qd4 gxh3 30. g3 Qg6 31. Nd2 Nxg3 32. Nxg3 Re2+ 33. Kxh3 f4+ 0-1

[Event "Plzen, FSB C"]
[Site "?"]
[Date "2003.??.??"]
[Round "5.13"]
[White "Rouc, M."]
[Black "Stanek, V."]
[Result "1-0"]
[WhiteElo "1793"]
[BlackElo "1635"]
[PlyCount "61"]
[EventDate "2003.??.??"]
[Source "ChessBase"]
[SourceDate "1996.11.15"]

1. e4 d6 2. d4 g6 3. Nc3 Bg7 4. f3 c5 5. Nge2 cxd4 6. Nxd4 Nc6 7. Nb3 Bd7 8.
Be3 f5 9. Bc4 Nh6 10. Qd5 Rf8 11. O-O-O f4 12. Bf2 Nf7 13. Bh4 a6 14. g3 b5 15.
Be2 Nb4 16. Qd2 g5 17. Bxg5 Nxg5 18. gxf4 Nh3 19. f5 Be5 20. Kb1 Rg8 21. Qh6
Bxf5 22. exf5 Nf4 23. Rhg1 Rxg1 24. Rxg1 Kd7 25. Bf1 Qh8 26. Bh3 Bxc3 27. f6+
Nxh3 28. Qxh3+ Ke8 29. Qe6 Bxf6 30. Rg8+ Qxg8 31. Qxg8+ 1-0

[Event "Plzen, FSB C"]
[Site "?"]
[Date "2003.??.??"]
[Round "5.14"]
[White "Hava, R."]
[Black "Soutner, J."]
[Result "0-1"]
[WhiteElo "1472"]
[BlackElo "1695"]
[PlyCount "42"]
[EventDate "2003.??.??"]
[Source "ChessBase"]
[SourceDate "1996.11.15"]

1. e4 e5 2. Nf3 Nc6 3. Bc4 Bc5 4. c3 Nf6 5. d4 exd4 6. cxd4 Bb4+ 7. Nc3 Nxe4 8.
O-O Bxc3 9. d5 Bf6 10. Re1 Ne7 11. Rxe4 d6 12. g4 O-O 13. g5 Be5 14. Nxe5 Bf5
15. Re2 dxe5 16. Rxe5 Qd7 17. Bd3 Bxd3 18. Qxd3 Rad8 19. Be3 Nxd5 20. Rd1 Qg4+
21. Kf1 Nxe3+ 0-1

[Event "Plzen, FSB C"]
[Site "?"]
[Date "2003.??.??"]
[Round "5.15"]
[White "Neumanova, M."]
[Black "Hadac, P."]
[Result "0-1"]
[WhiteElo "1346"]
[BlackElo "1744"]
[PlyCount "64"]
[EventDate "2003.??.??"]
[Source "ChessBase"]
[SourceDate "1996.11.15"]

1. d4 e5 2. dxe5 Nc6 3. Nf3 Qe7 4. Qd5 f6 5. exf6 Nxf6 6. Qb3 Qb4+ 7. Qxb4 Nxb4
8. Na3 c6 9. Bg5 Nbd5 10. Nc4 Ne4 11. Bh4 b5 12. Ncd2 Nxd2 13. Nxd2 Nb4 14. Kd1
d5 15. a3 Na6 16. e3 Bf5 17. Bd3 Bxd3 18. cxd3 Nc5 19. Ke2 Na4 20. b3 Nb6 21.
f4 Kd7 22. g4 Bd6 23. Nf3 Rhe8 24. Kd2 c5 25. Bf2 a5 26. h4 d4 27. f5 dxe3+ 28.
Bxe3 Nd5 29. Rhe1 Nxe3 30. Rxe3 Bf4 31. Rae1 Rxe3 32. Rxe3 Re8 0-1

[Event "Plzen, FSB C"]
[Site "?"]
[Date "2003.??.??"]
[Round "5.16"]
[White "Pekar, F."]
[Black "Vojir jr., V."]
[Result "0-1"]
[WhiteElo "1889"]
[BlackElo "1823"]
[PlyCount "96"]
[EventDate "2003.??.??"]
[Source "ChessBase"]
[SourceDate "1996.11.15"]

1. b3 c6 2. Bb2 d5 3. e3 Bf5 4. d3 Nd7 5. g3 e5 6. Bg2 Ngf6 7. h3 Bd6 8. Ne2
Qc7 9. Nd2 h5 10. e4 Be6 11. Nf3 dxe4 12. Ng5 exd3 13. Nxe6 fxe6 14. Qxd3 O-O-O
15. c3 Nc5 16. Qc2 e4 17. O-O Nd3 18. b4 Nxb2 19. Qxb2 e3 20. f4 e5 21. Rad1
exf4 22. gxf4 Rhe8 23. c4 c5 24. a3 Ne4 25. Rd5 cxb4 26. axb4 Nd2 27. c5 Bf8
28. Rxd8+ Rxd8 29. Rc1 g5 30. fxg5 Bg7 31. Qa2 Kb8 32. Qe6 Be5 33. h4 Rf8 34.
b5 Bh2+ 35. Kh1 Bd6 36. Qh3 Nb3 37. Rc4 Nd2 38. Rc2 Bf4 39. Qe6 Qf7 40. Qh3 Qf5
41. Qxf5 Rxf5 42. Bh3 Rf7 43. b6 Be5 44. bxa7+ Kxa7 45. Ra2+ Kb8 46. Ra3 Nc4
47. Be6 Rf1+ 48. Kg2 Rf2+ 0-1

[Event "Plzen, FSB C"]
[Site "?"]
[Date "2003.??.??"]
[Round "5.17"]
[White "Strejcek, P."]
[Black "Zach, T."]
[Result "1-0"]
[WhiteElo "1628"]
[BlackElo "1729"]
[PlyCount "24"]
[EventDate "2003.??.??"]
[Source "ChessBase"]
[SourceDate "1996.11.15"]

1. d4 Nf6 2. c4 g6 3. Nc3 Bg7 4. e4 d6 5. f3 O-O 6. Be3 e5 7. d5 Nbd7 8. Nge2
Qe7 9. Qd2 Ne8 10. g4 Nb6 11. Ng3 Qh4 12. Bg5 Bh6 1-0

[Event "Plzen, FSB C"]
[Site "?"]
[Date "2003.??.??"]
[Round "5.18"]
[White "Kotesovec, D."]
[Black "Fairaisl, D."]
[Result "0-1"]
[WhiteElo "1555"]
[BlackElo "1699"]
[PlyCount "90"]
[EventDate "2003.??.??"]
[Source "ChessBase"]
[SourceDate "1996.11.15"]

1. Nf3 Nc6 2. g3 b6 3. Bg2 Bb7 4. O-O e6 5. c3 Bd6 6. d4 f5 7. Re1 Nf6 8. Nbd2
Qe7 9. e4 fxe4 10. Nxe4 Nxe4 11. Rxe4 h6 12. Re1 O-O-O 13. Ne5 Bxe5 14. dxe5
Rdf8 15. Qa4 Kb8 16. b4 g5 17. b5 Na5 18. Bxb7 Nxb7 19. Ba3 Nc5 20. Qc4 h5 21.
Bxc5 Qxc5 22. Qxc5 bxc5 23. Rad1 Kc8 24. Re3 Rf5 25. Red3 Rh7 26. Re3 g4 27.
Rd2 h4 28. Re4 h3 29. Rxg4 Rxe5 30. Rg8+ Kb7 31. Kf1 d5 32. Re2 Rxe2 33. Kxe2
Rh6 34. f4 Kb6 35. Rb8+ Ka5 36. Kd2 a6 37. bxa6 Kxa6 38. Rf8 Kb5 39. f5 exf5
40. Rxf5 Ra6 41. Rxd5 Rxa2+ 42. Kd3 Rxh2 43. Rh5 Rh1 44. g4 h2 45. Kc2 Ra1 0-1

[Event "Plzen, FSB C"]
[Site "?"]
[Date "2003.??.??"]
[Round "5.19"]
[White "Vojir sr., V."]
[Black "Koubek, J."]
[Result "1/2-1/2"]
[WhiteElo "1645"]
[BlackElo "1612"]
[PlyCount "98"]
[EventDate "2003.??.??"]
[Source "ChessBase"]
[SourceDate "1996.11.15"]

1. d4 Nf6 2. c4 e6 3. Nf3 b6 4. g3 Bb7 5. Bg2 Bb4+ 6. Bd2 Bxd2+ 7. Nbxd2 d6 8.
O-O O-O 9. Re1 d5 10. Rc1 Nbd7 11. e3 Re8 12. Qc2 Rc8 13. Qb1 e5 14. dxe5 Nxe5
15. Nxe5 Rxe5 16. Nf3 Re8 17. Red1 Qe7 18. a3 c5 19. Qa2 dxc4 20. Qxc4 Ne4 21.
Qb3 Rcd8 22. Rxd8 Rxd8 23. Rd1 Nf6 24. Qa4 Rxd1+ 25. Qxd1 Qd7 26. Qxd7 Nxd7 27.
Kf1 Kf8 28. Ke2 Ke7 29. Kd2 h6 30. Kc3 Kd6 31. h3 f6 32. Nh4 Bxg2 33. Nxg2 Ne5
34. Nh4 Kd5 35. Nf5 Ke4 36. Nxg7 Kf3 37. Nf5 Kxf2 38. e4 Kf3 39. g4 Kg2 40.
Nxh6 Kxh3 41. b4 Kh4 42. bxc5 bxc5 43. a4 Kg5 44. Ng8 Kxg4 45. Nxf6+ Kf4 46.
Ng8 Nd7 47. Kc4 Kxe4 48. a5 a6 49. Ne7 Ke5 1/2-1/2

[Event "Plzen, FSB C"]
[Site "?"]
[Date "2003.??.??"]
[Round "5.20"]
[White "Wadura, R."]
[Black "Huttner, M."]
[Result "1/2-1/2"]
[WhiteElo "1635"]
[BlackElo "1674"]
[PlyCount "33"]
[EventDate "2003.??.??"]
[Source "ChessBase"]
[SourceDate "1996.11.15"]

1. d4 d5 2. c4 c6 3. Nc3 Nf6 4. f3 Bf5 5. cxd5 cxd5 6. Bg5 Nbd7 7. Qa4 Be6 8.
e4 dxe4 9. fxe4 h6 10. Bxf6 exf6 11. h3 Qb6 12. Bb5 Kd8 13. d5 Nc5 14. Qd4 Bd7
15. Bxd7 Nxd7 16. Qxb6+ Nxb6 17. b3 1/2-1/2

[Event "Plzen, FSB C"]
[Site "?"]
[Date "2003.??.??"]
[Round "5.21"]
[White "Bolek, M."]
[Black "Machalek, M."]
[Result "0-1"]
[WhiteElo "1524"]
[BlackElo "1662"]
[PlyCount "66"]
[EventDate "2003.??.??"]
[Source "ChessBase"]
[SourceDate "1996.11.15"]

1. d4 Nf6 2. c4 c5 3. d5 e6 4. dxe6 fxe6 5. Nc3 Be7 6. Nf3 d5 7. e3 O-O 8. Be2
Nc6 9. cxd5 exd5 10. O-O Bf5 11. a3 d4 12. exd4 cxd4 13. Qb3+ Kh8 14. Rd1 d3
15. Nb1 Ne5 16. Bf1 Nxf3+ 17. gxf3 Nd7 18. Bxd3 Nc5 19. Qc4 Nxd3 20. Qb5 Qb6
21. Qxb6 axb6 22. Nc3 Bc5 23. Be3 Nxb2 24. Bxc5 bxc5 25. Rd6 Nc4 26. Rd5 b6 27.
Nb5 Be6 28. Rd3 Ne5 29. Re3 Nxf3+ 30. Rxf3 Rxf3 31. Nc7 Raxa3 32. Re1 Bg8 33.
Nd5 Bxd5 0-1

[Event "Plzen, FSB C"]
[Site "?"]
[Date "2003.??.??"]
[Round "5.23"]
[White "Kanka, J."]
[Black "Dostal, K."]
[Result "0-1"]
[WhiteElo "1654"]
[BlackElo "1415"]
[PlyCount "114"]
[EventDate "2003.??.??"]
[Source "ChessBase"]
[SourceDate "1996.11.15"]

1. b4 e5 2. Bb2 d6 3. e3 a6 4. Nf3 Bg4 5. Be2 Nf6 6. O-O Nc6 7. a3 g6 8. d4
exd4 9. Nxd4 Bxe2 10. Qxe2 Bg7 11. Nxc6 bxc6 12. c4 O-O 13. Nd2 Re8 14. Nb3 Ne4
15. Bxg7 Kxg7 16. Rac1 Qf6 17. c5 d5 18. Nd4 Kg8 19. Qc2 a5 20. b5 cxb5 21.
Nxb5 Qe7 22. c6 Nd6 23. Nxd6 Qxd6 24. Qc5 Re6 25. Qb5 Qxa3 26. Qb7 Qf8 27. Qxc7
Qc8 28. Qd7 Qd8 29. Rfd1 Rd6 30. Qb7 Qc8 31. Rd4 Rb8 32. Qxc8+ Rxc8 33. Kf1
Rdxc6 34. Rxc6 Rxc6 35. Rxd5 a4 36. Rd2 Rb6 37. Ra2 Rb4 38. Ke2 f5 39. Kd3 Kf7
40. f3 Rb3+ 41. Kc4 Rxe3 42. Kb4 Kf6 43. Kxa4 Kg5 44. Kb4 Re1 45. Kc3 Rh1 46.
g4 fxg4 47. Rg2 h5 48. fxg4 hxg4 49. Kd3 Kh4 50. Ke3 Rf1 51. Rf2 Rxf2 52. Kxf2
Kh3 53. Kg1 g3 54. hxg3 Kxg3 55. Kh1 g5 56. Kg1 g4 57. Kh1 Kf2 0-1

[Event "Plzen, FSB C"]
[Site "?"]
[Date "2003.??.??"]
[Round "6.1"]
[White "Vevera, R."]
[Black "Mrnka, J."]
[Result "0-1"]
[WhiteElo "1977"]
[BlackElo "1908"]
[PlyCount "58"]
[EventDate "2003.??.??"]
[Source "ChessBase"]
[SourceDate "1996.11.15"]

1. e4 e6 2. d4 d5 3. Nc3 Bb4 4. e5 c5 5. a3 Bxc3+ 6. bxc3 Nc6 7. Qg4 g6 8. Nf3
Qc7 9. Bd3 cxd4 10. cxd4 f5 11. Qg3 Nxd4 12. Nxd4 Qc3+ 13. Ke2 Qxd4 14. Bf4 Bd7
15. Rab1 Bc6 16. Rb4 Qc5 17. h4 Ne7 18. Be3 d4 19. Rxd4 Nd5 20. Rc4 Qa5 21. h5
Rg8 22. hxg6 O-O-O 23. Rxh7 Nc3+ 24. Kf1 Qxa3 25. Rxc6+ bxc6 26. Rxa7 Qb2 27.
f4 Qb1+ 28. Kf2 Rxd3 29. cxd3 Qc2+ 0-1

[Event "Plzen, FSB C"]
[Site "?"]
[Date "2003.??.??"]
[Round "6.2"]
[White "Hava, J."]
[Black "Tichy, S."]
[Result "1/2-1/2"]
[WhiteElo "1861"]
[BlackElo "1852"]
[PlyCount "64"]
[EventDate "2003.??.??"]
[Source "ChessBase"]
[SourceDate "1996.11.15"]

1. f4 d5 2. Nf3 c5 3. e3 Nf6 4. d4 e6 5. c3 Be7 6. Bd3 O-O 7. O-O b6 8. Nbd2
Ba6 9. Bxa6 Nxa6 10. Ne5 h5 11. Ndf3 Nb8 12. Bd2 g6 13. h3 Ne4 14. g4 hxg4 15.
hxg4 Kg7 16. Kg2 f6 17. Nd3 Nd7 18. Rh1 Rh8 19. Rxh8 Qxh8 20. Qe2 Qc8 21. Nf2
Nxf2 22. Kxf2 Qc6 23. Rh1 Qa4 24. Qf1 Rh8 25. Rxh8 Kxh8 26. Qb1 Kg7 27. b3 Qc6
28. Qd3 b5 29. Qb1 c4 30. b4 a5 31. a3 axb4 32. axb4 Qa8 1/2-1/2

[Event "Plzen, FSB C"]
[Site "?"]
[Date "2003.??.??"]
[Round "6.3"]
[White "Vrana, P."]
[Black "Vlk, M."]
[Result "1-0"]
[WhiteElo "1885"]
[BlackElo "1840"]
[PlyCount "37"]
[EventDate "2003.??.??"]
[Source "ChessBase"]
[SourceDate "1996.11.15"]

1. e4 e5 2. d4 exd4 3. Nf3 Nf6 4. e5 Ne4 5. Qe2 Bb4+ 6. Kd1 d5 7. exd6 f5 8.
Ng5 Nc6 9. Nxe4 fxe4 10. Qxe4+ Kd7 11. Qg4+ Kxd6 12. Bf4+ Kc5 13. Qxg7 Kb6 14.
Na3 Bxa3 15. bxa3 a6 16. Bxc7+ Qxc7 17. Rb1+ Nb4 18. Rxb4+ Kc6 19. Rc4+ 1-0

[Event "Plzen, FSB C"]
[Site "?"]
[Date "2003.??.??"]
[Round "6.4"]
[White "Vrkota, M."]
[Black "Soukup, A."]
[Result "1-0"]
[WhiteElo "1870"]
[BlackElo "1943"]
[PlyCount "91"]
[EventDate "2003.??.??"]
[Source "ChessBase"]
[SourceDate "1996.11.15"]

1. e4 g6 2. d4 Bg7 3. f4 d6 4. Nc3 Nc6 5. Be3 Nf6 6. h3 e6 7. Nf3 d5 8. e5 Nd7
9. Qd2 Nb6 10. O-O-O Bd7 11. g4 Bf8 12. Bd3 Bb4 13. f5 Nc4 14. Bxc4 dxc4 15.
fxg6 hxg6 16. Bg5 Be7 17. Ne4 Bxg5 18. Nfxg5 Qe7 19. Nf6+ Kd8 20. Nge4 Kc8 21.
h4 a5 22. c3 Qd8 23. h5 gxh5 24. gxh5 Ne7 25. h6 Bc6 26. h7 b6 27. Rdg1 Kb7 28.
Qe2 Bxe4 29. Qxe4+ c6 30. Qf3 Qf8 31. Ne4 Nf5 32. Rg5 Rd8 33. Nf6 Ne7 34. Qe2
b5 35. Qf1 Ng6 36. Ne4 Qe7 37. Qf6 Qxf6 38. Nxf6 Kc7 39. Rf1 Rdf8 40. Rh5 Kd8
41. Ne4 Ke7 42. Rf6 Rd8 43. Ng5 Rhf8 44. Nxe6 fxe6 45. Rxg6 Rh8 46. Rg7+ 1-0

[Event "Plzen, FSB C"]
[Site "?"]
[Date "2003.??.??"]
[Round "6.5"]
[White "Lexa, J."]
[Black "Pechat, J."]
[Result "1-0"]
[WhiteElo "1842"]
[BlackElo "1758"]
[PlyCount "51"]
[EventDate "2003.??.??"]
[Source "ChessBase"]
[SourceDate "1996.11.15"]

1. e4 c5 2. Nf3 d6 3. d4 cxd4 4. Nxd4 Nf6 5. Nc3 e6 6. g4 a6 7. g5 Nfd7 8. Be3
Nc6 9. f4 Be7 10. Qh5 Nxd4 11. Bxd4 e5 12. Be3 Qa5 13. Bc4 g6 14. Qh6 Bf8 15.
Qh4 Qb4 16. Bb3 Nc5 17. a3 Qb6 18. Nd5 Qc6 19. Nf6+ Ke7 20. Bd5 Qb5 21. O-O-O
Na4 22. Bb3 Be6 23. Bxa4 Qxa4 24. fxe5 Rc8 25. exd6+ Kd8 26. Bb6+ 1-0

[Event "Plzen, FSB C"]
[Site "?"]
[Date "2003.??.??"]
[Round "6.6"]
[White "Nathansky, D."]
[Black "Bartonicek jr., Z."]
[Result "1-0"]
[WhiteElo "1792"]
[BlackElo "1750"]
[PlyCount "73"]
[EventDate "2003.??.??"]
[Source "ChessBase"]
[SourceDate "1996.11.15"]

1. e4 c5 2. Nf3 Nc6 3. d4 cxd4 4. Nxd4 g6 5. Nc3 Bg7 6. Be3 Nf6 7. f3 a6 8. Qd2
O-O 9. O-O-O d6 10. h4 Nxd4 11. Bxd4 Qa5 12. Kb1 b5 13. Nd5 Qd8 14. Nxf6+ exf6
15. Be3 Be6 16. a3 Rc8 17. Qxd6 Qa5 18. Bb6 Qa4 19. Bd3 Bc4 20. Bxc4 Qxc4 21.
Qd3 Qc6 22. Ba5 Rfe8 23. h5 Re5 24. g4 h6 25. hxg6 fxg6 26. Rh2 Kh7 27. Rdh1 g5
28. Bc3 Re6 29. e5+ Kg8 30. Rxh6 Bxh6 31. Rxh6 f5 32. Rh5 Rc7 33. gxf5 Rh6 34.
Rxh6 Qxh6 35. Qd8+ Qf8 36. Qxc7 Qxf5 37. e6 1-0

[Event "Plzen, FSB C"]
[Site "?"]
[Date "2003.??.??"]
[Round "6.7"]
[White "Hadac, P."]
[Black "Baborovsky, J."]
[Result "1/2-1/2"]
[WhiteElo "1744"]
[BlackElo "1862"]
[PlyCount "25"]
[EventDate "2003.??.??"]
[Source "ChessBase"]
[SourceDate "1996.11.15"]

1. d4 Nf6 2. c4 e6 3. Nf3 b6 4. g3 Bb7 5. Bg2 c5 6. O-O d5 7. cxd5 Bxd5 8. dxc5
Bxc5 9. Nc3 Qc7 10. Bf4 Qb7 11. Nxd5 exd5 12. Bxb8 Rxb8 13. b4 1/2-1/2

[Event "Plzen, FSB C"]
[Site "?"]
[Date "2003.??.??"]
[Round "6.8"]
[White "Soutner, J."]
[Black "Kral, P."]
[Result "0-1"]
[WhiteElo "1695"]
[BlackElo "1828"]
[PlyCount "94"]
[EventDate "2003.??.??"]
[Source "ChessBase"]
[SourceDate "1996.11.15"]

1. e4 d5 2. exd5 Qxd5 3. Nc3 Qa5 4. d4 Nf6 5. Bc4 Nc6 6. Bd2 Nxd4 7. Nd5 Qc5 8.
Nxf6+ gxf6 9. Bd3 Qd5 10. f3 Rg8 11. Be3 Nf5 12. Bxf5 Qxd1+ 13. Rxd1 Bxf5 14.
Rd2 Rd8 15. g4 Rxd2 16. Kxd2 Bd7 17. Ne2 e5 18. c4 Be6 19. Kd3 f5 20. h3 a6 21.
Nc3 Kd7 22. Na4 Kc6 23. b3 Be7 24. Ke2 Rd8 25. Nc3 b6 26. Nd1 Bb4 27. Nf2 a5
28. h4 Rg8 29. g5 Be7 30. Nd3 f6 31. h5 f4 32. gxf6 Bxf6 33. Bf2 h6 34. Bh4
Bxh4 35. Rxh4 Rg5 36. Nf2 Bf7 37. Ne4 Rxh5 38. Rxh5 Bxh5 39. Nf6 Bg6 40. Ng4
Kd6 41. Nxh6 Bb1 42. a3 Ba2 43. Nf7+ Ke6 44. Ng5+ Kf5 45. Ne4 Bxb3 46. Nd2 Bc2
47. Nf1 e4 0-1

[Event "Plzen, FSB C"]
[Site "?"]
[Date "2003.??.??"]
[Round "6.9"]
[White "Steinhauser, F."]
[Black "Lener, J."]
[Result "0-1"]
[WhiteElo "1709"]
[BlackElo "1823"]
[PlyCount "72"]
[EventDate "2003.??.??"]
[Source "ChessBase"]
[SourceDate "1996.11.15"]

1. e4 c5 2. Nf3 Nc6 3. d4 cxd4 4. Nxd4 Nf6 5. Nc3 d6 6. Bc4 Na5 7. Bb3 g6 8. f3
Bg7 9. Be3 a6 10. Qd2 h5 11. h4 Bd7 12. O-O-O Nxb3+ 13. Nxb3 Bc6 14. Nd5 Nd7
15. Rhe1 Ne5 16. Bb6 Nc4 17. Bxd8 Nxd2 18. Nc7+ Kxd8 19. Nxa8 Nc4 20. e5 Bxe5
21. Nb6 Bf4+ 22. Kb1 Nxb6 23. Nd4 Kd7 24. c3 Bg3 25. Re2 Bxh4 26. b3 Bf6 27. c4
Kc7 28. Rc2 Bd7 29. c5 Bxd4 30. cxb6+ Kxb6 31. Rxd4 Bf5 32. Rb4+ Ka7 33. Rf4
Bxc2+ 34. Kxc2 f6 35. Re4 Rc8+ 36. Kd3 Rc7 0-1